African Countries-Sudden Death - Statistics

General Stats
  • This quiz has been taken 71 times
  • The average score is 12 of 16
Answers on the Grid
Answers color-coded by a green-red scale on the quiz's grid according to % correct below.
Sudan
Turkey
Benin
Ghana
Oman
Jordan
Lesotho
Kenya
South Sudan
Iraq
St. Vincent
Egypt
Mali
Suriname
Eritrea
Ethiopia
Kuwait
North Macedonia
Papua New Guinea
Djibouti
Burkina Faso
Chile
Bhutan
DRC
Yemen
Iran
Liberia
Algeria
Seychelles
Maldives
 
Answer Stats
Answer % Correct
Sudan
100%
Ghana
95%
Kenya
87%
Ethiopia
84%
Egypt
82%
Lesotho
82%
South Sudan
82%
Mali
80%
Benin
75%
Algeria
71%
Burkina Faso
71%
Djibouti
67%
Eritrea
65%
DRC
60%
Liberia
60%
Seychelles
51%
No matching quizzes found
Score Distribution
Percent of People with Each Score
Percentile by Number Answered
Your Score History
You have not taken this quiz